The Biology of depression : (Record no. 597)
[ view plain ]
| 000 -LEADER | |
|---|---|
| fixed length control field | 01685nam a2200253 a 4500 |
| 005 - DATE AND TIME OF LATEST TRANSACTION | |
| control field | 20260322212026.0 |
| 008 - FIXED-LENGTH DATA ELEMENTS--GENERAL INFORMATION | |
| fixed length control field | data |
| 010 ## - LIBRARY OF CONGRESS CONTROL NUMBER | |
| LC control number | 87-173519 |
| 020 ## - INTERNATIONAL STANDARD BOOK NUMBER | |
| International Standard Book Number | 0880482540 (U.S.) |
| 020 ## - INTERNATIONAL STANDARD BOOK NUMBER | |
| International Standard Book Number | 9780880482547 (U.S.) |
| 096 ## - LOCALLY ASSIGNED NLM-TYPE CALL NUMBER (OCLC) | |
| Classification number | WM 171 B615 1985 |
| 001 - CONTROL NUMBER | |
| control field | data |
| 245 14 - TITLE STATEMENT | |
| Title | The Biology of depression : |
| Remainder of title | proceedings of a meeting of the Biological Group of the Royal College ofPsychiatrists, held at Manchester University, 1985 |
| Statement of responsibility, etc. | edited by J.F.W. Deakin. |
| 260 ## - PUBLICATION, DISTRIBUTION, ETC. | |
| Place of publication, distribution, etc. | London |
| Name of publisher, distributor, etc. | Gaskell ; |
| Date of publication, distribution, etc. | c1986 |
| 300 ## - PHYSICAL DESCRIPTION | |
| Extent | vi, 224 p. : |
| Other physical details | ill. ; |
| Dimensions | 23 cm. |
| 500 ## - GENERAL NOTE | |
| General note | Includes bibliographies and index. |
| 500 ## - GENERAL NOTE | |
| General note | Monoamines, rewards and punishments / J.F.W. Deakin and T.J. Crow / Peter McGuffin and Randy Katz -- Postmortem neurochemical findings in suicide and depression / S.J. Cooper [et al.] -- 5HT neuroendocrinology / P.J. Cowen and I.M. Anderson -- 5HT transport and the mediation of action of antidepressants / Keith Wood -- The responsiveness of central alpha2 adrenoceptors in depression / S.A. Checkley [et al.] -- Plantelet binding and neuroendocrine responses in depression / C.L.E. Katona [et al.] -- Vanadium and the sodium pump in manic depressive psychosis / G.J. Naylor -- Recent advances in the treatment of depression / E.S. Paykel and A.S. Hale -- Antidepressants and monoamines / A.R. Green and G.M. Goodwin -- Antidepressant drugs and the autonomic nervous system / E. Szabadi and C.M. Bradsaw. |
| 650 02 - SUBJECT ADDED ENTRY--TOPICAL TERM | |
| Topical term or geographic name entry element | Antidepressive Agents |
| General subdivision | pharmacology |
| 650 02 - SUBJECT ADDED ENTRY--TOPICAL TERM | |
| Topical term or geographic name entry element | Brain Chemistry |
| 650 02 - SUBJECT ADDED ENTRY--TOPICAL TERM | |
| Topical term or geographic name entry element | Depressive Disorder |
| General subdivision | drug therapy |
| 650 02 - SUBJECT ADDED ENTRY--TOPICAL TERM | |
| Topical term or geographic name entry element | Depressive Disorder |
| General subdivision | physiopathology |
| 700 1# - ADDED ENTRY--PERSONAL NAME | |
| Personal name | Deakin, J. F. W. |
| 710 2# - ADDED ENTRY--CORPORATE NAME | |
| Corporate name or jurisdiction name as entry element | Royal College of Psychiatrists. Biological Group. |
| Withdrawn status | Lost status | Damaged status | Not for loan | Home library | Current library | Shelving location | Date acquired | Total checkouts | Full call number | Barcode | Date last seen | Price effective from | Koha item type |
|---|---|---|---|---|---|---|---|---|---|---|---|---|---|
| Centerville | Centerville | General stacks | 22/03/2026 | GEN | BC0010612 | 22/03/2026 | 22/03/2026 | Books |